000 00404nam a2200181Ia 4500
001 15691
005 20260306170214.0
008 260306t1983||||xx |||||||||||||| ||und||
041 _aESP
082 _a576.82
_bD25
100 _aDarwin, Charles
_eAUT
245 0 _aEl origen de la especies
260 _c1983
300 _a
_c18 cm.
650 _aGEN
654 _aCCN
942 _cLIB
_dJUS
_fJUS
_2ddc
_n
999 _c15691
_d15691